000 01326cam a2200361Li 4500
001 ocn690375087
003 TZ-ArACH
005 20120904143050.0
008 100223s2009 be a f b 010 0 fre d
020 _a9782874552069 (br)
020 _a2874552062 (br)
035 _a(OCoLC)690375087
040 _aZWZ
_encafnor
_bfre
_cTZ-ArACH
_dLVB
041 0 _aFre
_aDut
049 _aTZAA
050 _aK925
_b.D66
245 0 3 _aDommage corporel et l'expertise
_h[Texte imprimé] : liber amicorum Pierre Lucas.
246 1 3 _aLiber amicorum Pierre Lucas
260 _aLouvain-la -Neuve :
_bAnthemis,
_c2009.
300 _a1 vol. (412 p.) :
_bill., couv. ill. ;
_c24 cm.
504 _aNotes bibliogr.
600 1 7 _aLucas, Pierre
_xMélanges et hommages.
_2ram
_96230
600 1 6 _aLucas, Pierre.
_96231
650 7 _aRéparation (droit)
_xMélanges et hommages.
_2ram
_96232
650 7 _aExpertises médicales
_xMélanges et hommages.
_2ram
_96233
650 7 _aResponsabilité professionnelle
_xMélanges et hommages.
_2ram
_96234
650 6 _aDommage corporel.
_96235
650 6 _aCorporal punishment
_96236
650 6 _aInjury
_96237
730 0 _aMélanges.
_gLucas, Pierre.
_96238
942 _2lcc
_cBOOK
999 _c1773
_d1773